Identita medzi partikularizmom a univerzalizmom

Stručný popis univerzalistických a partikularistických koncepcií. Univerzalistická koncepcia F. Fukuyamu o konci histórie a poslednom človeku. Partikularistická koncepcia konfliktu civilizácií. Herderova koncepcia pravého pluralistického univerzalizmu.

Saved in:
Bibliographic Details
Main Author: Márton, Milan
Format: Book Chapter
Language:Slovak
Subjects:
Tags: Add Tag
No Tags, Be the first to tag this record!

MARC

LEADER 00000naa$a2200000$$$4500
001 0034756
005 20240502071445.7
041 0 |a slo 
044 |a SK 
245 1 0 |a Identita medzi partikularizmom a univerzalizmom  |c Milan Márton 
520 |a Stručný popis univerzalistických a partikularistických koncepcií. Univerzalistická koncepcia F. Fukuyamu o konci histórie a poslednom človeku. Partikularistická koncepcia konfliktu civilizácií. Herderova koncepcia pravého pluralistického univerzalizmu. 
610 2 0 |a identita 
610 2 0 |a filozofia 
610 2 0 |a vzťahy politické medzinárodné 
610 2 0 |a systémy politické 
100 1 |a Márton, Milan